00354nam a2200157Ia 4500008004000000041000800040082001200048100001800060245003100078260004000109650000800149650000800157650001000165650001300175650000800188210210b1957 xxu||||| |||| 00| 0 eng d aeng a829/494 aGUARESCHI (G) aDon Camillos and the devil aLondonbVictor Gollancz Ltd.,c1957 athe aDon adevil aCamillos aand